[Event "World Youth & Cadets Blitz Championships"]
[Site "Rhodes, Greece"]
[Date "2022.05.03"]
[Round "1.35"]
[White "Maton, Emily"]
[Black "Blokhin, Sofia"]
[Result "0-1"]
[TimeControl "5'/game & 2\"/move"]
[WhiteElo "1283"]
[BlackElo "1764"]

1. c4 {[%clk 00:05:03]} c5 {[%clk 00:05:03]} {[%emt 00:00:01]} 2. g3 {[%clk
00:05:04]} Nf6 {[%clk 00:05:04]} {[%emt 00:00:01]} 3. Bg2 {[%clk 00:05:05]}
{[%emt 00:00:01]} d5 {[%clk 00:05:05]} {[%emt 00:00:01]} 4. cxd5 {[%clk
00:05:06]} {[%emt 00:00:01]} Nxd5 {[%clk 00:05:05]} {[%emt 00:00:02]} 5. Nc3
{[%clk 00:05:07]} {[%emt 00:00:01]} Nc7 {[%clk 00:05:06]} {[%emt 00:00:01]} 6.
Nf3 {[%clk 00:05:08]} {[%emt 00:00:01]} Nc6 {[%clk 00:05:05]} {[%emt 00:00:03]}
7. d3 {[%clk 00:05:09]} e5 {[%clk 00:05:06]} {[%emt 00:00:01]} 8. Bd2 {[%clk
00:05:08]} {[%emt 00:00:03]} Be7 {[%clk 00:05:06]} {[%emt 00:00:01]} 9. O-O
{[%clk 00:05:08]} {[%emt 00:00:03]} Be6 {[%clk 00:05:06]} {[%emt 00:00:01]} 10.
Rc1 {[%clk 00:05:08]} {[%emt 00:00:03]} O-O {[%emt 00:00:13]} 11. Ne4 {[%clk
00:05:05]} {[%emt 00:00:01]} b6 {[%clk 00:04:58]} {[%emt 00:00:03]} 12. Bc3
{[%clk 00:04:57]} {[%emt 00:00:10]} f6 {[%clk 00:04:55]} {[%emt 00:00:05]} 13.
a3 {[%clk 00:04:52]} {[%emt 00:00:08]} Qd7 {[%clk 00:04:54]} {[%emt 00:00:02]}
14. Qc2 {[%clk 00:04:31]} {[%emt 00:00:22]} Rad8 {[%clk 00:04:50]} {[%emt
00:00:07]} 15. Rfd1 {[%clk 00:04:31]} {[%emt 00:00:02]} Nd4 {[%clk 00:04:41]}
{[%emt 00:00:10]} 16. Nxd4 {[%clk 00:04:28]} {[%emt 00:00:05]} exd4 {[%clk
00:04:41]} {[%emt 00:00:03]} 17. Be1 {[%clk 00:04:24]} {[%emt 00:00:06]} Nd5
{[%clk 00:04:35]} {[%emt 00:00:08]} 18. Nd2 {[%clk 00:04:13]} {[%emt 00:00:12]}
Kh8 {[%clk 00:04:12]} {[%emt 00:00:26]} 19. Nf3 {[%clk 00:04:03]} {[%emt
00:00:12]} Bg4 {[%clk 00:04:02]} {[%emt 00:00:12]} 20. Qc4 {[%clk 00:03:47]}
{[%emt 00:00:18]} Rfe8 {[%clk 00:03:37]} {[%emt 00:00:27]} 21. Rd2 {[%clk
00:03:27]} {[%emt 00:00:23]} Bf8 {[%clk 00:03:31]} {[%emt 00:00:07]} 22. Rdc2
{[%clk 00:03:11]} {[%emt 00:00:18]} Be6 {[%clk 00:03:23]} {[%emt 00:00:09]} 23.
Qa6 {[%clk 00:02:24]} {[%emt 00:00:49]} Nc7 {[%clk 00:03:02]} {[%emt 00:00:24]}
24. Qxa7 {[%clk 00:02:21]} {[%emt 00:00:05]} Ra8 {[%clk 00:02:59]} {[%emt
00:00:05]} 25. Qb7 {[%clk 00:02:05]} {[%emt 00:00:17]} Bd5 {[%clk 00:02:53]}
{[%emt 00:00:08]} 26. Qxb6 {[%clk 00:02:03]} {[%emt 00:00:04]} Reb8 {[%clk
00:02:53]} {[%emt 00:00:03]} 27. Qxb8 {[%clk 00:01:28]} {[%emt 00:00:37]} Rxb8
{[%clk 00:02:53]} {[%emt 00:00:01]} 28. b4 {[%clk 00:01:16]} {[%emt 00:00:14]}
Bxf3 {[%clk 00:02:32]} {[%emt 00:00:23]} 29. Bxf3 {[%clk 00:01:17]} {[%emt
00:00:02]} Ne6 {[%clk 00:02:23]} {[%emt 00:00:11]} 30. Bg4 {[%clk 00:01:00]}
{[%emt 00:00:19]} Qd5 {[%clk 00:01:26]} {[%emt 00:00:59]} 31. Bxe6 {[%clk
00:00:54]} {[%emt 00:00:08]} Qxe6 {[%clk 00:01:27]} {[%emt 00:00:01]} 32. bxc5
{[%clk 00:00:55]} {[%emt 00:00:01]} Qc6 {[%clk 00:01:20]} {[%emt 00:00:09]} 33.
Bb4 {[%clk 00:00:49]} {[%emt 00:00:07]} h5 {[%clk 00:01:17]} {[%emt 00:00:06]}
34. Rc4 {[%clk 00:00:42]} {[%emt 00:00:09]} Re8 {[%clk 00:01:06]} {[%emt
00:00:13]} 35. R1c2 {[%clk 00:00:26]} {[%emt 00:00:18]} h4 {[%clk 00:01:03]}
{[%emt 00:00:05]} 36. Rxd4 {[%clk 00:00:21]} {[%emt 00:00:06]} hxg3 {[%clk
00:00:49]} {[%emt 00:00:16]} 37. hxg3 {[%clk 00:00:19]} {[%emt 00:00:05]} Re5
{[%clk 00:00:46]} {[%emt 00:00:05]} 38. Rh4+ {[%clk 00:00:17]} {[%emt
00:00:04]} Kg8 {[%clk 00:00:46]} {[%emt 00:00:02]} 39. d4 {[%clk 00:00:15]}
{[%emt 00:00:04]} Rd5 {[%clk 00:00:24]} {[%emt 00:00:24]} 40. Rd2 {[%clk
00:00:14]} {[%emt 00:00:02]} g5 {[%clk 00:00:15]} {[%emt 00:00:11]} 41. Rh2
{[%clk 00:00:09]} {[%emt 00:00:07]} f5 {[%clk 00:00:10]} {[%emt 00:00:08]} 42.
f3 {[%clk 00:00:08]} {[%emt 00:00:03]} Bg7 {[%clk 00:00:10]} {[%emt 00:00:02]}
43. e3 {[%clk 00:00:08]} {[%emt 00:00:03]} Qe8 {[%clk 00:00:09]} {[%emt
00:00:02]} 44. Rhe2 {[%clk 00:00:09]} {[%emt 00:00:01]} Qa4 {[%clk 00:00:08]}
{[%emt 00:00:04]} 45. Kf2 {[%clk 00:00:07]} {[%emt 00:00:03]} g4 {[%clk
00:00:08]} {[%emt 00:00:02]} 46. fxg4 {[%clk 00:00:07]} {[%emt 00:00:02]} fxg4
{[%clk 00:00:09]} 47. Kg2 {[%clk 00:00:08]} {[%emt 00:00:01]} Qe8 {[%clk
00:00:08]} {[%emt 00:00:03]} 48. Bc3 {[%clk 00:00:07]} {[%emt 00:00:03]} Qe4+
{[%clk 00:00:08]} {[%emt 00:00:02]} 49. Kf2 {[%clk 00:00:08]} {[%emt 00:00:01]}
Rf5+ {[%clk 00:00:09]} {[%emt 00:00:02]} 50. Ke1 {[%clk 00:00:08]} {[%emt
00:00:01]} Qh1# {[%clk 00:00:08]} {[%emt 00:00:02]} 0-1

[Event "World Youth & Cadets Blitz Championships"]
[Site "Rhodes, Greece"]
[Date "2022.05.03"]
[Round "1.36"]
[White "Siekanska, Maria"]
[Black "Singh, Arya"]
[Result "1-0"]
[TimeControl "5'/game & 2\"/move"]
[WhiteElo "1723"]
[BlackElo "1253"]

1. d4 {[%clk 00:05:03]} d5 {[%clk 00:05:03]} {[%emt 00:00:02]} 2. c4 {[%clk
00:05:04]} {[%emt 00:00:01]} e6 {[%clk 00:05:04]} 3. Nc3 {[%clk 00:05:03]}
{[%emt 00:00:02]} Nf6 {[%clk 00:05:05]} {[%emt 00:00:02]} 4. cxd5 {[%clk
00:05:03]} {[%emt 00:00:01]} exd5 {[%clk 00:05:06]} {[%emt 00:00:02]} 5. Bg5
{[%clk 00:05:03]} {[%emt 00:00:02]} c6 {[%clk 00:04:59]} {[%emt 00:00:09]} 6.
e3 {[%clk 00:05:02]} {[%emt 00:00:02]} Bf5 {[%clk 00:04:59]} {[%emt 00:00:03]}
7. Qf3 {[%clk 00:04:54]} {[%emt 00:00:09]} Bg6 {[%clk 00:04:40]} {[%emt
00:00:22]} 8. Bxf6 {[%clk 00:04:53]} {[%emt 00:00:03]} Qxf6 {[%clk 00:04:36]}
{[%emt 00:00:06]} 9. Qxf6 {[%clk 00:04:53]} {[%emt 00:00:02]} gxf6 {[%clk
00:04:36]} {[%emt 00:00:02]} 10. Nge2 {[%clk 00:04:19]} {[%emt 00:00:36]} Nd7
{[%clk 00:04:28]} {[%emt 00:00:10]} 11. O-O-O {[%clk 00:03:25]} {[%emt
00:00:56]} a5 {[%clk 00:03:49]} {[%emt 00:00:41]} 12. h4 {[%clk 00:02:48]}
{[%emt 00:00:39]} h5 {[%clk 00:03:15]} {[%emt 00:00:36]} 13. g3 {[%clk
00:02:34]} {[%emt 00:00:15]} b5 {[%clk 00:02:41]} {[%emt 00:00:37]} 14. Bh3
{[%clk 00:02:10]} {[%emt 00:00:25]} a4 {[%clk 00:02:14]} {[%emt 00:00:30]} 15.
Nf4 {[%clk 00:01:28]} {[%emt 00:00:44]} b4 {[%clk 00:01:18]} {[%emt 00:00:58]}
16. Nxg6 {[%clk 00:01:28]} {[%emt 00:00:02]} fxg6 {[%clk 00:01:16]} {[%emt
00:00:04]} 17. Bxd7+ {[%clk 00:01:27]} {[%emt 00:00:03]} Kxd7 {[%clk 00:01:16]}
{[%emt 00:00:02]} 18. Ne2 {[%clk 00:01:27]} {[%emt 00:00:02]} Bh6 {[%clk
00:00:52]} {[%emt 00:00:25]} 19. Kb1 {[%clk 00:01:25]} {[%emt 00:00:04]} Rhb8
{[%clk 00:00:50]} {[%emt 00:00:05]} 20. Nf4 {[%clk 00:01:13]} {[%emt 00:00:14]}
Bxf4 {[%clk 00:00:48]} {[%emt 00:00:04]} 21. gxf4 {[%clk 00:01:13]} {[%emt
00:00:01]} Ke6 {[%clk 00:00:44]} {[%emt 00:00:07]} 22. Rhg1 {[%clk 00:01:10]}
{[%emt 00:00:05]} Kf5 {[%clk 00:00:41]} {[%emt 00:00:04]} 23. Rc1 {[%clk
00:01:05]} {[%emt 00:00:07]} Rb6 {[%clk 00:00:37]} {[%emt 00:00:06]} 24. Rc5
{[%clk 00:00:50]} {[%emt 00:00:18]} Rab8 {[%clk 00:00:29]} {[%emt 00:00:10]} 25.
Rgc1 {[%clk 00:00:34]} {[%emt 00:00:18]} Rc8 {[%clk 00:00:30]} {[%emt
00:00:02]} 26. Rxd5+ {[%clk 00:00:28]} {[%emt 00:00:07]} Ke4 {[%clk 00:00:23]}
{[%emt 00:00:09]} 27. Rd6 {[%clk 00:00:28]} {[%emt 00:00:02]} Kf5 {[%clk
00:00:18]} {[%emt 00:00:07]} 28. f3 {[%clk 00:00:28]} {[%emt 00:00:02]} g5
{[%clk 00:00:14]} {[%emt 00:00:06]} 29. Rc5+ {[%clk 00:00:29]} Kg6 {[%clk
00:00:15]} {[%emt 00:00:01]} 30. fxg5 {[%clk 00:00:00]} {[%emt 00:00:21]} Kg7
{[%clk 00:00:13]} {[%emt 00:00:25]} 31. gxf6+ {[%clk 00:01:27]} {[%emt
00:00:02]} Kf7 {[%clk 00:00:14]} {[%emt 00:00:01]} 32. Rxh5 {[%clk 00:01:27]}
{[%emt 00:00:02]} Kg6 {[%clk 00:00:11]} {[%emt 00:00:05]} 33. Rg5+ {[%clk
00:01:27]} {[%emt 00:00:02]} Kf7 {[%clk 00:00:10]} {[%emt 00:00:02]} 34. Rg7+
{[%clk 00:01:28]} {[%emt 00:00:02]} Kf8 {[%clk 00:00:10]} {[%emt 00:00:02]} 35.
h5 {[%clk 00:01:24]} {[%emt 00:00:06]} Rb5 {[%clk 00:00:09]} {[%emt 00:00:04]}
36. Rh7 {[%clk 00:01:15]} {[%emt 00:00:11]} Kg8 {[%clk 00:00:08]} {[%emt
00:00:02]} 37. Rdd7 {[%clk 00:01:16]} {[%emt 00:00:02]} Rg5 {[%clk 00:00:07]}
{[%emt 00:00:03]} 38. Rdg7+ {[%clk 00:01:16]} Rxg7 {[%clk 00:00:07]} {[%emt
00:00:02]} 39. Rxg7+ {[%clk 00:01:17]} Kh8 {[%clk 00:00:07]} {[%emt 00:00:02]}
40. h6 {[%clk 00:01:16]} {[%emt 00:00:03]} c5 {[%clk 00:00:06]} {[%emt
00:00:04]} 41. dxc5 {[%clk 00:01:12]} {[%emt 00:00:05]} Rxc5 {[%clk 00:00:07]}
{[%emt 00:00:01]} 42. f7 {[%clk 00:01:12]} {[%emt 00:00:03]} Rf5 {[%clk
00:00:06]} {[%emt 00:00:02]} 43. Rg8+ {[%clk 00:01:11]} {[%emt 00:00:03]} Kh7
{[%clk 00:00:05]} {[%emt 00:00:02]} 44. f8=Q {[%clk 00:01:09]} {[%emt
00:00:05]} Rxf8 {[%clk 00:00:05]} {[%emt 00:00:02]} 45. Rxf8 {[%clk 00:01:10]}
{[%emt 00:00:01]} b3 {[%clk 00:00:05]} {[%emt 00:00:02]} 46. axb3 {[%clk
00:01:11]} {[%emt 00:00:01]} axb3 {[%clk 00:00:06]} 47. Rb8 {[%clk 00:01:12]}
{[%emt 00:00:01]} Kxh6 {[%clk 00:00:06]} {[%emt 00:00:02]} 48. Rxb3 {[%clk
00:01:12]} {[%emt 00:00:02]} Kg5 {[%clk 00:00:07]} {[%emt 00:00:01]} 49. Rb5+
{[%clk 00:01:13]} {[%emt 00:00:01]} Kf6 {[%clk 00:00:08]} 50. f4 {[%clk
00:01:14]} {[%emt 00:00:01]} Ke6 {[%clk 00:00:09]} {[%emt 00:00:01]} 51. e4
{[%clk 00:01:15]} Kf6 {[%clk 00:00:10]} {[%emt 00:00:01]} 52. Rb6+ {[%clk
00:01:16]} {[%emt 00:00:01]} Ke7 {[%clk 00:00:11]} 53. e5 {[%clk 00:01:17]} Kf7
{[%clk 00:00:12]} 54. f5 {[%clk 00:01:18]} {[%emt 00:00:01]} Ke8 {[%clk
00:00:13]} {[%emt 00:00:02]} 55. Rb7 {[%clk 00:01:19]} Kf8 {[%clk 00:00:14]}
{[%emt 00:00:01]} 56. f6 {[%clk 00:01:20]} Ke8 {[%clk 00:00:15]} {[%emt
00:00:01]} 57. e6 {[%clk 00:01:21]} {[%emt 00:00:01]} Kf8 {[%clk 00:00:16]}
{[%emt 00:00:02]} 58. Rb8# {[%clk 00:01:22]} 1-0

[Event "World Youth & Cadets Blitz Championships"]
[Site "Rhodes, Greece"]
[Date "2022.05.03"]
[Round "1.37"]
[White "Shadrina, Eva"]
[Black "Hajdinic, Ema"]
[Result "0-1"]
[TimeControl "5'/game & 2\"/move"]
[WhiteElo "1350"]
[BlackElo "1656"]

1. e4 {[%clk 00:05:03]} c5 {[%clk 00:05:03]} {[%emt 00:00:01]} 2. Nf3 {[%clk
00:05:03]} {[%emt 00:00:02]} e6 {[%clk 00:05:04]} {[%emt 00:00:01]} 3. d4
{[%clk 00:04:59]} {[%emt 00:00:07]} cxd4 {[%clk 00:05:05]} {[%emt 00:00:01]} 4.
Nxd4 {[%clk 00:05:00]} {[%emt 00:00:01]} Nf6 {[%clk 00:05:06]} {[%emt
00:00:01]} 5. Nc3 {[%clk 00:04:57]} {[%emt 00:00:05]} Nc6 {[%clk 00:05:07]} 6.
Be3 {[%clk 00:04:41]} {[%emt 00:00:18]} Bb4 {[%clk 00:05:06]} {[%emt 00:00:03]}
7. f3 {[%clk 00:04:13]} {[%emt 00:00:29]} d5 {[%clk 00:05:03]} {[%emt
00:00:06]} 8. Nxc6 {[%clk 00:04:06]} {[%emt 00:00:09]} bxc6 {[%clk 00:05:00]}
{[%emt 00:00:05]} 9. exd5 {[%clk 00:03:48]} {[%emt 00:00:19]} exd5 {[%clk
00:04:52]} {[%emt 00:00:10]} 10. Bd2 {[%clk 00:03:38]} {[%emt 00:00:12]} O-O
{[%clk 00:04:47]} {[%emt 00:00:08]} 11. Be2 {[%clk 00:03:34]} {[%emt 00:00:06]}
Qb6 {[%clk 00:04:19]} {[%emt 00:00:28]} 12. a3 {[%clk 00:03:30]} {[%emt
00:00:08]} Bd6 {[%clk 00:04:07]} {[%emt 00:00:14]} 13. Na4 {[%clk 00:03:02]}
{[%emt 00:00:30]} Qc7 {[%clk 00:04:05]} {[%emt 00:00:04]} 14. Nc3 {[%clk
00:02:01]} {[%emt 00:01:03]} Re8 {[%clk 00:04:05]} {[%emt 00:00:01]} 15. Bg5
{[%clk 00:01:38]} {[%emt 00:00:26]} Bxh2 {[%clk 00:03:25]} {[%emt 00:00:42]} 16.
Bxf6 {[%clk 00:01:00]} {[%emt 00:00:40]} Bg3+ {[%clk 00:03:15]} {[%emt
00:00:11]} 17. Kf1 {[%clk 00:00:54]} {[%emt 00:00:09]} gxf6 {[%clk 00:03:16]}
{[%emt 00:00:01]} 18. Qd3 {[%clk 00:00:42]} {[%emt 00:00:14]} f5 {[%clk
00:03:01]} {[%emt 00:00:17]} 19. Qd4 {[%clk 00:00:20]} {[%emt 00:00:23]} Qe5
{[%clk 00:02:36]} {[%emt 00:00:26]} 20. Qxe5 {[%clk 00:00:16]} {[%emt
00:00:07]} Bxe5 {[%clk 00:02:36]} {[%emt 00:00:03]} 21. Rb1 {[%clk 00:00:11]}
{[%emt 00:00:07]} Rb8 {[%clk 00:02:27]} {[%emt 00:00:11]} 22. Rh5 {[%clk
00:00:08]} {[%emt 00:00:05]} Bxc3 {[%clk 00:02:26]} {[%emt 00:00:02]} 23. Rg5+
{[%clk 00:00:09]} {[%emt 00:00:02]} Kh8 {[%clk 00:02:25]} {[%emt 00:00:03]} 24.
b3 {[%clk 00:00:06]} {[%emt 00:00:04]} Rg8 {[%clk 00:02:25]} {[%emt 00:00:02]}
25. Rh5 {[%clk 00:00:06]} {[%emt 00:00:02]} Be6 {[%clk 00:02:16]} {[%emt
00:00:12]} 26. Kf2 {[%clk 00:00:07]} Bd4+ {[%clk 00:02:16]} {[%emt 00:00:02]}
27. Kf1 {[%clk 00:00:07]} {[%emt 00:00:03]} Rg7 {[%clk 00:02:11]} {[%emt
00:00:06]} 28. Bd3 {[%clk 00:00:07]} {[%emt 00:00:02]} Rbg8 {[%clk 00:02:10]}
{[%emt 00:00:02]} 29. Rh2 {[%clk 00:00:05]} {[%emt 00:00:04]} Be5 {[%clk
00:02:10]} {[%emt 00:00:03]} 30. Rh4 {[%clk 00:00:05]} {[%emt 00:00:02]} Rxg2
{[%clk 00:02:08]} {[%emt 00:00:04]} 0-1

[Event "World Youth & Cadets Blitz Championships"]
[Site "Rhodes, Greece"]
[Date "2022.05.03"]
[Round "1.38"]
[White "Karas, Eugenia"]
[Black "Gaszka, Zuzanna"]
[Result "1/2-1/2"]
[TimeControl "5'/game & 2\"/move"]
[WhiteElo "1579"]
[BlackElo "1349"]

1. d4 {[%clk 00:05:02]} {[%emt 00:00:02]} Nf6 {[%clk 00:05:03]} 2. c4 {[%clk
00:05:03]} {[%emt 00:00:01]} g6 {[%clk 00:05:04]} 3. Nf3 {[%clk 00:05:04]}
{[%emt 00:00:02]} Bg7 {[%clk 00:05:05]} 4. g3 {[%clk 00:05:05]} {[%emt
00:00:01]} O-O {[%clk 00:05:06]} {[%emt 00:00:01]} 5. Bg2 {[%clk 00:05:06]}
{[%emt 00:00:02]} d6 {[%clk 00:05:07]} 6. O-O {[%clk 00:05:06]} {[%emt
00:00:02]} Nc6 {[%clk 00:05:08]} {[%emt 00:00:02]} 7. Nc3 {[%clk 00:05:07]}
{[%emt 00:00:01]} Bf5 {[%clk 00:05:08]} {[%emt 00:00:01]} 8. d5 {[%clk
00:05:00]} {[%emt 00:00:09]} Na5 {[%clk 00:05:09]} {[%emt 00:00:01]} 9. Nd2
{[%clk 00:05:00]} {[%emt 00:00:02]} c6 {[%clk 00:04:53]} {[%emt 00:00:18]} 10.
e4 {[%clk 00:04:25]} {[%emt 00:00:37]} Bg4 {[%clk 00:04:34]} {[%emt 00:00:21]}
11. f3 {[%clk 00:04:26]} {[%emt 00:00:02]} Bd7 {[%clk 00:04:27]} {[%emt
00:00:08]} 12. Rb1 {[%clk 00:04:21]} {[%emt 00:00:07]} cxd5 {[%clk 00:03:38]}
{[%emt 00:00:50]} 13. cxd5 {[%clk 00:04:02]} {[%emt 00:00:22]} Rc8 {[%clk
00:03:05]} {[%emt 00:00:36]} 14. Kh1 {[%clk 00:03:38]} {[%emt 00:00:26]} Qc7
{[%clk 00:02:43]} {[%emt 00:00:23]} 15. Nb3 {[%clk 00:03:19]} {[%emt 00:00:21]}
Nxb3 {[%clk 00:02:39]} {[%emt 00:00:06]} 16. Qxb3 {[%clk 00:03:18]} {[%emt
00:00:03]} a6 {[%clk 00:02:38]} {[%emt 00:00:03]} 17. Be3 {[%clk 00:03:14]}
{[%emt 00:00:06]} Be8 {[%clk 00:01:43]} {[%emt 00:00:58]} 18. Rbc1 {[%clk
00:02:58]} {[%emt 00:00:18]} Qb8 {[%clk 00:01:43]} 19. a4 {[%clk 00:02:30]}
{[%emt 00:00:30]} Nd7 {[%clk 00:01:42]} {[%emt 00:00:03]} 20. Bh3 {[%clk
00:01:58]} {[%emt 00:00:34]} Nc5 {[%clk 00:01:27]} {[%emt 00:00:17]} 21. Bxc5
{[%clk 00:01:36]} {[%emt 00:00:24]} Rxc5 {[%clk 00:01:28]} {[%emt 00:00:01]} 22.
Ne2 {[%clk 00:01:34]} {[%emt 00:00:05]} Qc7 {[%clk 00:01:07]} {[%emt 00:00:23]}
23. Qa3 {[%clk 00:01:07]} {[%emt 00:00:28]} Qb6 {[%clk 00:00:52]} {[%emt
00:00:16]} 24. b4 {[%clk 00:00:56]} {[%emt 00:00:13]} Rxc1 {[%clk 00:00:46]}
{[%emt 00:00:08]} 25. Rxc1 {[%clk 00:00:55]} {[%emt 00:00:04]} h5 {[%clk
00:00:16]} {[%emt 00:00:33]} 26. Kg2 {[%clk 00:00:51]} {[%emt 00:00:05]} Kh7
{[%clk 00:00:15]} {[%emt 00:00:02]} 27. Rc8 {[%clk 00:00:38]} {[%emt 00:00:16]}
f6 {[%clk 00:00:11]} {[%emt 00:00:06]} 28. Be6 {[%clk 00:00:36]} {[%emt
00:00:04]} Qa7 {[%clk 00:00:04]} {[%emt 00:00:09]} 29. Nf4 {[%clk 00:00:31]}
{[%emt 00:00:06]} g5 {[%clk 00:00:04]} {[%emt 00:00:03]} 30. Ne2 {[%clk
00:00:30]} {[%emt 00:00:03]} Bg6 {[%clk 00:00:05]} {[%emt 00:00:01]} 31. Rxf8
{[%clk 00:00:29]} {[%emt 00:00:03]} Bxf8 {[%clk 00:00:06]} 32. Qc3 {[%clk
00:00:27]} {[%emt 00:00:05]} Qb6 {[%clk 00:00:07]} 33. Qc8 {[%clk 00:00:26]}
{[%emt 00:00:03]} Bg7 {[%clk 00:00:09]} {[%emt 00:00:01]} 34. Qg8+ {[%clk
00:00:24]} {[%emt 00:00:03]} Kh6 {[%clk 00:00:09]} 35. b5 {[%clk 00:00:17]}
{[%emt 00:00:10]} axb5 {[%clk 00:00:10]} 36. Bf5 {[%clk 00:00:12]} {[%emt
00:00:07]} Bxf5 {[%clk 00:00:10]} {[%emt 00:00:02]} 37. exf5 {[%clk 00:00:13]}
bxa4 {[%clk 00:00:11]} {[%emt 00:00:01]} 38. Qf7 {[%clk 00:00:12]} {[%emt
00:00:03]} Kh7 {[%clk 00:00:12]} {[%emt 00:00:01]} 39. Qxh5+ {[%clk 00:00:12]}
{[%emt 00:00:02]} Kg8 {[%clk 00:00:14]} {[%emt 00:00:01]} 40. Qe8+ {[%clk
00:00:13]} {[%emt 00:00:01]} Kh7 {[%clk 00:00:15]} 41. Qg6+ {[%clk 00:00:13]}
{[%emt 00:00:01]} Kg8 {[%clk 00:00:15]} {[%emt 00:00:02]} 42. Qe8+ {[%clk
00:00:13]} {[%emt 00:00:01]} 1/2-1/2